000 00657 a2200205 4500
005 20260218160545.0
008 260218b |||||||| |||| 00| 0 eng d
020 _a9789349983724
_cरु 450.00
040 _aMAIN
082 _a891.433451
_bPC916R
100 _aप्रेमचन्द, मुंशी
110 _a
245 _aरामचर्चा
250 _aLatest edition
260 _bडी पी एस पब्लिशिंग हाउस
_c2026
_aनई दिल्ली
300 _a143
650 _aहिन्दी साहित्य
651 _aहिन्दी उपन्यास
942 _cHN
999 _c396644
_d396644